Регионална библиотека "Любен Каравелов" - Русе

Мосад (Запис номер 147808)

MARC детайли
000 -Лидер
Контролно поле с фиксирана дължина 01978nam a2200397 a 4500
003 - Код на организацията, давaща контролен номер
Контролно поле BLK
005 - Дата и час на последна редакция
Контролно поле 20250801090814.0
008 - Елементи от данни с фиксирана дължина
fixed length control field 180410b bul|||||r ||||||| ||bul||
010 ## - Наследен системен номер
LC control number KNG00154026000
020 ## - Международен стандартен номер на книга ISBN
Международен стандартен номер на книга ISBN 978-619-164-085-0
040 ## - Източник на каталожния запис
Идентификатор на билиотеката - собственик на записа BLK
041 ## - Код за език
Код за езика на текст/звукозапис или на отделно заглавие Български
Код за езика КДБФ Български
080 ## - УДК
Текстов определител УДК Шпионаж. Политическо влияние чрез тайни (разузнавателни) служби
УДК код - определител по УДК 327.84
УДК определител (569.4)
УДК - код + определител 327.84(569.4)
080 ## - УДК
Текстов определител УДК Разузнавателна служба. Тайна служба. Шпионаж. Разузнавателна информация. Вж и 327.84 ; 344.1
УДК код - определител по УДК 355.40
УДК определител (569.4)
УДК - код + определител 355.40(569.4)
100 1# - Редна дума - Автор
Автор Бар-Зоар, Михаел
Авторска отговорност първи автор
R(LIN) 36457
139 ## - Редно поле
Редна дума Бар-Зоар, Михаел и др.
Авторски знак Бар - Б 26
245 10 - Сведения за заглавието
Заглавие Мосад
Подзаглавни данни Най-великите мисии на израелските тайни служби
Редно поле (дума) Михаел Бар-Зоар, Насим Мишал ; прев. от англ. Сашка Тодорова Георгиева.
257 ## - Страна на издаване
Страна на създаване/издаване Израел
260 ## - Област на издателските данни
Място на издаване, разпространение и проч. София
Име на издателя, разпространителя и проч. Enthusiast
Година на издаване 2013
Печатница Бонин
300 ## - Физическа характеристика
Страници 296 с., 8 л.
Илюстрации и др. сн.
Размери/Мащаб 24 см
380 ## - Жанр
Жанр Обществени науки
500 ## - Общи забележки
Забележка Загл. на англ. ез. Mossad : The Greatest Missions of the Israeli Secret Service / Michael Bar-Zophar and Nissim Mishal. - Именен показалец.
650 #4 - Допълнително описание по предмет – тема
Основно описание – тема или топоним Разузнаване - Израел
9 (RLIN) 270119
650 #4 - Допълнително описание по предмет – тема
Основно описание – тема или топоним Шпионаж и диверсия - Израел
9 (RLIN) 270118
651 #4 - Допълнително описание по предмет - топоним
Географско понятие Израел
9 (RLIN) 178932
653 ## - Ключова дума – ненормативна
Ключова дума Мосад
653 ## - Ключова дума – ненормативна
Ключова дума разузнаване
653 ## - Ключова дума – ненормативна
Ключова дума шпионаж
653 ## - Ключова дума – ненормативна
Ключова дума тайни служби
700 1# - Други автори (авторска отговорност)
Лично име Мишал, Насим
Автороска отговорност (Описва отношението между автора и произведението) съавт.
9 (RLIN) 98256
700 1# - Други автори (авторска отговорност)
Лично име Георгиева, Сашка Тодорова
Автороска отговорност (Описва отношението между автора и произведението) прев. от англ.
9 (RLIN) 365307
852 ## - Местоположение
Форматна сигнатура Цб 312061
Фондова буква Хранилище
999 ## - СИСТЕМНИ КОНТРОЛНИ НОМЕРА
Koha biblionumber 147808
Koha biblioitemnumber 147808
942 ## - АРТИКУЛИ
Вид на библиотечния материал Книги
Скрит в OPAC Не
Koha issues (borrowed), all copies 11
Периодичен библиозапис Да
944 ## - СЪЗДАВАНЕ И РЕДАКЦИЯ на ЗАПИСА
Създаване/Редакция Създаване
Дата на регистрацията/редакция 29.11.2013
Статус, дата на статуса Мартин Енчев
Служител, извършил регистрацията/редакцията 30575
944 ## - СЪЗДАВАНЕ И РЕДАКЦИЯ на ЗАПИСА
Създаване/Редакция Редакция
Дата на регистрацията/редакция 2022-04-04
Служител, извършил регистрацията/редакцията ГГГ
Наличности
Код за отписване Код за изгубен артикул Източник на класификационната схема Код за повреда Коз за рестрикции Код за отдаване Артикулен № Име на библиотеката - собственик Име на библиотеката, в която се намира в момента Статус (Текущо местоположение) Дата на вписване в системата Местоположение - отдел Цена в лева Инвентарен номер Систематично азбучна сигнатура Баркод Номер на екземпляра Цена в евро Служебна бележка Служебен тип на артикула
  Не е изгубен Universal Decimal Classification Не е повреден без рестрикции заемане за дома 245719 Регионална библиотека "Любен Каравелов" Русе Регионална библиотека "Любен Каравелов" Русе Заемна - подръчен фонд 2013-11-28 Заемна - подръчен фонд 13.24 120000772285 П 327.8/Б 26 120000772285 1 6.77 Дост: Pk Вид: Ф N: 228 Дата: 20.11.2013 Дата инв: 17.02.2018 Бележки инв: П2018 Книги
  Не е изгубен   Не е повреден без рестрикции заемане за дома 245720 Регионална библиотека "Любен Каравелов" Русе Регионална библиотека "Любен Каравелов" Русе Заемна - подръчен фонд 2014-11-30 Заемна - подръчен фонд 18.00 120000783345 П 327.8/Б 26 120000783345 2 9.20 Дост: Pk Вид: Ф N: 419 Дата: 22.11.2014 Дата инв: 06.02.2018 Бележки инв: П2018 Книги
  Не е изгубен Universal Decimal Classification Не е повреден само за читалня ползва се в читалня 880783 Регионална библиотека "Любен Каравелов" Русе Регионална библиотека "Любен Каравелов" Русе Хранилище 2022-04-07 Основен фонд - ползва се само за читалня 17.00   Цб 312061 120000870736   8.69   Книги
Vip Innovations Ltd, Rousse, Bulgaria 2025